<L'>Informe de salut laboral de CCOO de Catalunya detecta un preocupant augment dels incompliments empresarials en la protecció de la salut de les persones treballadores (Record no. 53146)

MARC details
000 -LEADER
campo de control de longitud fija 01411nam a2200409Ia 4500
001 - NÚMERO DE CONTROL
campo de control 063795
008 - DATOS DE LONGITUD FIJA--INFORMACIÓN GENERAL
campo de control de longitud fija 221003m2022 xx 000 0 cat d
035 ## - NÚMERO DE CONTROL DEL SISTEMA
Número de control de sistema CENDO_53147
041 ## - CÓDIGO DE IDIOMA
Código de lengua del texto/banda sonora o título independiente cat
245 #0 - MENCIÓN DEL TÍTULO
Título <L'>Informe de salut laboral de CCOO de Catalunya detecta un preocupant augment dels incompliments empresarials en la protecció de la salut de les persones treballadores
260 ## - PUBLICACIÓN, DISTRIBUCIÓN, ETC.
Lugar de publicación, distribución, etc. Barcelona :
Nombre del editor, distribuidor, etc. CCOO de Catalunya,
Fecha de publicación, distribución, etc. 2022
300 ## - DESCRIPCIÓN FÍSICA
Extensión 3 p. ;
Dimensiones 30 cm
500 ## - NOTA GENERAL
Nota general En: Llu!ta Digital, n. 396 (abril 2022), p. 4-6
650 ## - PUNTO DE ACCESO ADICIONAL DE MATERIA--TÉRMINO DE MATERIA
Término de materia o nombre geográfico como elemento de entrada DIA MUNDIAL DE LA SEGURIDAD Y SALUD EN EL TRABAJO
9 (RLIN) 39765
650 ## - PUNTO DE ACCESO ADICIONAL DE MATERIA--TÉRMINO DE MATERIA
Término de materia o nombre geográfico como elemento de entrada SEGURIDAD EN EL TRABAJO
9 (RLIN) 492
650 ## - PUNTO DE ACCESO ADICIONAL DE MATERIA--TÉRMINO DE MATERIA
Término de materia o nombre geográfico como elemento de entrada SALUD EN EL TRABAJO
9 (RLIN) 155
650 ## - PUNTO DE ACCESO ADICIONAL DE MATERIA--TÉRMINO DE MATERIA
Término de materia o nombre geográfico como elemento de entrada PREVENCION
9 (RLIN) 4589
650 ## - PUNTO DE ACCESO ADICIONAL DE MATERIA--TÉRMINO DE MATERIA
Término de materia o nombre geográfico como elemento de entrada INFORME
9 (RLIN) 363
650 ## - PUNTO DE ACCESO ADICIONAL DE MATERIA--TÉRMINO DE MATERIA
Término de materia o nombre geográfico como elemento de entrada ACCIDENTE DE TRABAJO
9 (RLIN) 581
650 ## - PUNTO DE ACCESO ADICIONAL DE MATERIA--TÉRMINO DE MATERIA
Término de materia o nombre geográfico como elemento de entrada ENFERMEDAD PROFESIONAL
9 (RLIN) 154
650 ## - PUNTO DE ACCESO ADICIONAL DE MATERIA--TÉRMINO DE MATERIA
Término de materia o nombre geográfico como elemento de entrada ACCIDENTE DE TRAYECTO
9 (RLIN) 7003
650 ## - PUNTO DE ACCESO ADICIONAL DE MATERIA--TÉRMINO DE MATERIA
Término de materia o nombre geográfico como elemento de entrada ANALISIS DE DATOS
9 (RLIN) 9217
650 ## - PUNTO DE ACCESO ADICIONAL DE MATERIA--TÉRMINO DE MATERIA
Término de materia o nombre geográfico como elemento de entrada INFORME
9 (RLIN) 363
650 #0 - PUNTO DE ACCESO ADICIONAL DE MATERIA--TÉRMINO DE MATERIA
Término de materia o nombre geográfico como elemento de entrada COMUNIDADES AUTONOMAS
9 (RLIN) 344
650 ## - PUNTO DE ACCESO ADICIONAL DE MATERIA--TÉRMINO DE MATERIA
Término de materia o nombre geográfico como elemento de entrada CATALUÑA
9 (RLIN) 539
650 #0 - PUNTO DE ACCESO ADICIONAL DE MATERIA--TÉRMINO DE MATERIA
Término de materia o nombre geográfico como elemento de entrada ACTITUD SINDICAL
9 (RLIN) 61
710 ## - ENTRADA AGREGADA--NOMBRE DE ENTIDAD CORPORATIVA
Nombre de entidad corporativa o nombre de jurisdicción como elemento de entrada CCOO
Unidad subordinada CONC,
Término indicativo de función/relación ed.
9 (RLIN) 2438
856 ## - LOCALIZACIÓN Y ACCESO ELECTRÓNICOS
Nota pública PDF
Identificador Uniforme de Recursos <a href="http://docpublicos.ccoo.es/cendoc/063795InformeProteccionSalud.pdf">http://docpublicos.ccoo.es/cendoc/063795InformeProteccionSalud.pdf</a>
901 ## - ELEMENTOS DE DATOS A LOCAL LDA (RLIN)
a 0
903 ## - ELEMENTOS DE DATOS C LOCAL, LDC (RLIN)
a NO
904 ## - ELEMENTOS DE DATOS D LOCAL, LDD (RLIN)
a 000
907 ## - ELEMENTOS DE DATOS G LOCAL, LDG (RLIN)
a 28 de Abril
953 ## -
-- 2022-05-03
-- DOCU_ELEC
-- Llu!ta Digital, n. 396 (abril 2022), p. 4-6
-- PS120
910 ## - DATOS DE OPCIÓN DEL USUARIO (OCLC)
Datos de opción del usuario 2022
942 ## - ELEMENTOS DE ENTRADA SECUNDARIOS (KOHA)
Tipo de ítem Koha Documento Electrónico
Holdings
Estatus retirado Estado de pérdida Estado de daño No para préstamo Biblioteca de origen Biblioteca actual Fecha de adquisición Enumeración/cronología de publicación seriada Total de préstamos Código de barras Visto por última vez Copia número Precio de reemplazo Tipo de ítem Koha
        CENDO CENDO 03/05/2022 Llu!ta Digital, n. 396 (abril 2022), p. 4-6   CENDO_53147 05/10/2022 PS120 05/10/2022 Documento Electrónico